| 000 | 00494nmm a2200169Ia 4500 | ||
|---|---|---|---|
| 008 | 251105s9999||||xx |||||||||||||||||und|| | ||
| 020 | _a9562826171 | ||
| 041 | _aspa | ||
| 100 | _aColectivo Oficios Varios | ||
| 245 | 0 | _aArriba quemando el sol | |
| 264 |
_a[Santiago de Chile, Chile] : _bLOM Ediciones, _c2004 |
||
| 300 | _a266 páginas | ||
| 490 | _aHistoria | ||
| 650 | _aHistory of the Americas: Latin America | ||
| 856 | _uhttps://public.digitaliapublishing.com/a/18224 | ||
| 942 | _cCF | ||
| 999 |
_c74336 _d74336 |
||